[Event "Belgrade Trophy 31st"]
[Site "Belgrade"]
[Date "2017.12.01"]
[Round "8"]
[White "Budisavljevic, Luka"]
[Black "Protsenko, Roman"]
[Result "0-1"]
[WhiteElo "2097"]
[BlackElo "2268"]
[PlyCount "104"]
[EventDate "2017.11.24"]
[EventType "swiss"]
[EventRounds "9"]
[EventCountry "SRB"]
[SourceTitle "CBM 181 Extra"]
[Source "ChessBase"]
[SourceDate "2017.12.12"]
[SourceVersion "1"]
[SourceVersionDate "2017.12.12"]
[SourceQuality "1"]

1. d4 Nf6 2. Nf3 g6 3. c4 Bg7 4. Nc3 d6 5. Bg5 0-0 6. e3 c5 7. Be2 h6 8. Bh4 g5 9. Bg3 Nh5 10. dxc5 Nxg3 11. hxg3 dxc5 12. Qc2 e6 13. g4 Nc6 14. Rd1 Qe7 15. a3 b6 16. Ne4 Rd8 17. Rxd8+ Nxd8 18. 0-0 Bd7 19. Rd1 Nb7 20. Ne1 Rd8 21. Bf3 Be8 22. b3 Rxd1 23. Qxd1 Qd8 24. Qxd8 Nxd8 25. Nd6 Bd7 26. Nd3 Kf8 27. Kf1 Ke7 28. Ne4 Nc6 29. Nd2 Na5 30. Bd1 f5 31. gxf5 exf5 32. a4 Kd6 33. Be2 Nc6 34. Bd1 Be8 35. g3 a6 36. Kg2 Bc3 37. Nb1 Ba5 38. Be2 Nb4 39. Kf1 Nxd3 40. Bxd3 Ke5 41. Na3 f4 42. gxf4+ gxf4 43. Ke2 h5 44. Nc2 h4 45. Ne1 Bxe1 46. Kxe1 fxe3 47. fxe3 Bc6 48. Bf1 Be4 49. Kd2 Bf5 50. Kc3 h3 51. Bxh3 Bxh3 52. b4 a5 0-1

[Event "Belgrade Trophy 26th"]
[Site "Belgrade"]
[Date "2012.12.02"]
[Round "9"]
[White "Protsenko, Roman"]
[Black "Georgescu, Tiberiu Marian"]
[Result "1/2-1/2"]
[WhiteElo "2263"]
[BlackElo "2403"]
[PlyCount "74"]
[EventDate "2012.11.24"]
[EventType "swiss"]
[EventRounds "9"]
[EventCountry "SRB"]
[SourceTitle "CBM 151 Extra"]
[Source "ChessBase"]
[SourceDate "2012.12.18"]
[SourceVersion "1"]
[SourceVersionDate "2012.12.18"]
[SourceQuality "1"]

1. e4 c6 2. Nc3 d5 3. Nf3 Nf6 4. exd5 cxd5 5. Bb5+ Bd7 6. Qe2 a6 7. Bxd7+ Nbxd7 8. d4 e6 9. 0-0 Be7 10. Bg5 0-0 11. Nd1 Ne4 12. Bxe7 Qxe7 13. Nd2 Nd6 14. Ne3 Qf6 15. c3 Qg6 16. Qg4 b5 17. Qxg6 hxg6 18. Rfc1 Rfc8 19. Kf1 Nb6 20. b3 Rc7 21. Ke2 Rac8 22. Kd3 Kf8 23. Rc2 Ne4 24. Nxe4 dxe4+ 25. Kd2 f5 26. h4 b4 27. Rac1 Rd8 28. cxb4 Rxd4+ 29. Ke1 Rxc2 30. Nxc2 Rd3 31. Ne3 f4 32. Rc6 fxe3 33. Rxb6 exf2+ 34. Kxf2 Rd2+ 35. Kg3 Rxa2 36. Rxe6 Rb2 37. Rxe4 Rxb3+ 1/2-1/2

[Event "Belgrade Trophy 26th"]
[Site "Belgrade"]
[Date "2012.11.28"]
[Round "5"]
[White "Protsenko, Roman"]
[Black "Irizanin, Radoje"]
[Result "1/2-1/2"]
[WhiteElo "2263"]
[BlackElo "2342"]
[PlyCount "99"]
[EventDate "2012.11.24"]
[EventType "swiss"]
[EventRounds "9"]
[EventCountry "SRB"]
[SourceTitle "CBM 151 Extra"]
[Source "ChessBase"]
[SourceDate "2012.12.18"]
[SourceVersion "1"]
[SourceVersionDate "2012.12.18"]
[SourceQuality "1"]

1. e4 c5 2. c3 d6 3. d4 Qc7 4. Nf3 Nd7 5. Bf4 e5 6. dxe5 dxe5 7. Bg3 Ngf6 8. Qa4 Bd6 9. Na3 0-0 10. 0-0-0 a6 11. Qc2 b5 12. Bxb5 axb5 13. Nxb5 Qc6 14. Nxd6 Rxa2 15. Qb3 Ra1+ 16. Kc2 Rxd1 17. Rxd1 Nxe4 18. Qb5 Qxb5 19. Nxb5 f6 20. Na7 Nb8 21. Nxc8 Rxc8 22. b3 Kf7 23. Nd2 Nxd2 24. Rxd2 Ke6 25. f3 Nd7 26. c4 Ra8 27. Kb2 h5 28. Bf2 f5 29. Rd5 Rc8 30. Kc3 g5 31. b4 Nb6 32. Rd2 cxb4+ 33. Kxb4 Nxc4 34. Ra2 f4 35. Bc5 Kd5 36. Be7 g4 37. Kc3 Ne3+ 38. Kd3 Ke6 39. Bh4 Kf5 40. Ra6 Rf8 41. Rh6 Nxg2 42. Rxh5+ Ke6 43. Rh6+ Kd7 44. Bf2 gxf3 45. Ke4 Ne3 46. Kxf3 Nf5 47. Rg6 Rc8 48. Ke4 Ne7 49. Rh6 Rc2 50. Bb6 1/2-1/2

[Event "Belgrade Trophy 26th"]
[Site "Belgrade"]
[Date "2012.11.24"]
[Round "1"]
[White "Protsenko, Roman"]
[Black "Samardzija, Zeljko"]
[Result "1-0"]
[WhiteElo "2263"]
[BlackElo "1843"]
[PlyCount "85"]
[EventDate "2012.11.24"]
[EventType "swiss"]
[EventRounds "9"]
[EventCountry "SRB"]
[SourceTitle "CBM 151 Extra"]
[Source "ChessBase"]
[SourceDate "2012.12.18"]
[SourceVersion "1"]
[SourceVersionDate "2012.12.18"]
[SourceQuality "1"]

1. e4 e5 2. Nf3 Nc6 3. Bc4 Bc5 4. c3 Bb6 5. d4 Qe7 6. 0-0 d6 7. h3 h6 8. b4 exd4 9. cxd4 Bd7 10. a3 0-0-0 11. Nc3 Nf6 12. Re1 Nh7 13. Nd5 Qf8 14. a4 a5 15. b5 Ne7 16. Nxb6+ cxb6 17. Ba3 Kb8 18. Bxd6+ Ka7 19. Qb3 Be6 20. Bxe6 Rxd6 21. Bxf7 Ng5 22. Nxg5 hxg5 23. Rad1 Rf6 24. Be6 Rhh6 25. Bg4 Rxf2 26. Qg3 Rhf6 27. d5 Ng6 28. d6 Nh4 29. Re2 R2f4 30. e5 Rf1+ 31. Rxf1 Rxf1+ 32. Kh2 Ra1 33. Rf2 Qd8 34. e6 Qc8 35. Qe3 Qd8 36. e7 Qe8 37. d7 Qg6 38. d8Q Nf3+ 39. Bxf3 Rh1+ 40. Kxh1 Qb1+ 41. Kh2 Qh1+ 42. Kxh1 g4 43. Qexb6# 1-0

[Event "Belgrade Trophy 21st"]
[Site "Obrenovac"]
[Date "2008.12.05"]
[Round "9"]
[White "Protsenko, Roman"]
[Black "Milanko, Nikola"]
[Result "1/2-1/2"]
[WhiteElo "2265"]
[BlackElo "2095"]
[PlyCount "54"]
[EventDate "2008.11.27"]
[EventType "swiss"]
[EventRounds "9"]
[EventCountry "YUG"]
[SourceTitle "CBM 127 Extra"]
[Source "ChessBase"]
[SourceDate "2009.01.08"]
[SourceVersion "2"]
[SourceVersionDate "2009.01.28"]
[SourceQuality "1"]

1. e4 e6 2. d4 d5 3. e5 c5 4. c3 Qb6 5. Nf3 Bd7 6. a3 Nc6 7. b4 cxd4 8. cxd4 Rc8 9. Be2 Nge7 10. 0-0 Ng6 11. g3 Be7 12. h4 0-0 13. h5 Nh8 14. h6 g6 15. Qd3 f5 16. exf6 Bxf6 17. Be3 Nf7 18. Nbd2 Qd8 19. Nh2 Ne7 20. Ng4 Bh8 21. Nf3 a6 22. Bf4 Nf5 23. Rfd1 Qb6 24. Nge5 Bb5 25. Qd2 Bxe5 26. dxe5 Bxe2 27. Qxe2 N5xh6 1/2-1/2

[Event "Belgrade Trophy 21st"]
[Site "Obrenovac"]
[Date "2008.12.04"]
[Round "8"]
[White "Arngrimsson, Dagur"]
[Black "Protsenko, Roman"]
[Result "1-0"]
[WhiteElo "2392"]
[BlackElo "2265"]
[PlyCount "31"]
[EventDate "2008.11.27"]
[EventType "swiss"]
[EventRounds "9"]
[EventCountry "YUG"]
[SourceTitle "CBM 127 Extra"]
[Source "ChessBase"]
[SourceDate "2009.01.08"]
[SourceVersion "2"]
[SourceVersionDate "2009.01.28"]
[SourceQuality "1"]

1. e4 d6 2. d4 Nf6 3. Nc3 g6 4. Bg5 Bg7 5. f4 c6 6. Qd2 b5 7. Bd3 Qb6 8. Nf3 Bg4 9. e5 dxe5 10. fxe5 Nfd7 11. Be3 Bxf3 12. gxf3 b4 13. Ne4 0-0 14. h4 f5 15. Bc4+ Kh8 16. h5 1-0

[Event "Belgrade Trophy 21st"]
[Site "Obrenovac"]
[Date "2008.11.29"]
[Round "3"]
[White "Protsenko, Roman"]
[Black "Maksimovic, Branimir"]
[Result "1/2-1/2"]
[WhiteElo "2265"]
[BlackElo "2418"]
[PlyCount "20"]
[EventDate "2008.11.27"]
[EventType "swiss"]
[EventRounds "9"]
[EventCountry "YUG"]
[SourceTitle "CBM 127 Extra"]
[Source "ChessBase"]
[SourceDate "2009.01.08"]
[SourceVersion "2"]
[SourceVersionDate "2009.01.28"]
[SourceQuality "1"]

1. e4 e6 2. d4 d5 3. e5 c5 4. c3 Nc6 5. a3 Nge7 6. Nf3 cxd4 7. cxd4 Nf5 8. Nc3 Bd7 9. Be2 Qa5 10. Bd2 Qb6 1/2-1/2

[Event "RUS-chT2"]
[Site "Sochi"]
[Date "2008.04.07"]
[Round "5"]
[White "Protsenko, Roman"]
[Black "Iordachescu, Viorel"]
[Result "1/2-1/2"]
[WhiteElo "2265"]
[BlackElo "2586"]
[PlyCount "87"]
[EventDate "2008.04.03"]
[EventType "team"]
[EventRounds "9"]
[EventCountry "RUS"]
[SourceTitle "CBM 123 Extra"]
[Source "ChessBase"]
[SourceDate "2008.05.06"]
[SourceVersion "1"]
[SourceVersionDate "2008.05.06"]
[SourceQuality "1"]

1. e4 e5 2. Bc4 Nf6 3. d3 Nc6 4. Nf3 Be7 5. 0-0 0-0 6. Re1 d6 7. c3 Na5 8. Bb5 c5 9. h3 a6 10. Ba4 b5 11. Bc2 Nc6 12. Nbd2 Re8 13. Nf1 Bf8 14. d4 cxd4 15. cxd4 exd4 16. Nxd4 Nxd4 17. Qxd4 Qc7 18. Bd3 Qc5 19. Be3 Bb7 20. Ng3 Nd7 21. b4 Qxd4 22. Bxd4 Ne5 23. Bf1 Nc6 24. Bc3 d5 25. exd5 Nxb4 26. Rxe8 Rxe8 27. Bxb4 Bxb4 28. a4 Bxd5 29. axb5 a5 30. Nf5 Kf8 31. Bd3 Bc3 32. Rc1 Bb2 33. Rb1 Be5 34. Bc2 g6 35. Ne3 Ba2 36. Rd1 Be6 37. g4 Rc8 38. Kg2 h5 39. Kf3 Bf6 40. Rd6 hxg4+ 41. hxg4 Rb8 42. Ba4 Be7 43. Rd1 Bc5 44. Nd5 1/2-1/2